NEET (National Eligibility Cum Entrance Test): 2017,2016,2015,2014 Original Question Papers + 20 Model Test Papers/ (Record no. 176750)

MARC details
000 -LEADER
fixed length control field 00867nam a22002297a 4500
005 - DATE AND TIME OF LATEST TRANSACTION
control field 20210122145926.0
010 ## - LCCN (DPL NO)
LC control number ENG-128822
020 ## - INTERNATIONAL STANDARD BOOK NUMBER
Terms of availability 380.00
International Standard Book Number 978-93-86485-21-2
035 ## - SYSTEM CONTROL NUMBER
System control number EN-112354
037 ## - SOURCE OF ACQUISITION
Source of stock number/acquisition DBAD/PUB
082 ## - DEWEY DECIMAL CLASSIFICATION NUMBER
Classification number 000
245 ## - TITLE STATEMENT
Title NEET (National Eligibility Cum Entrance Test): 2017,2016,2015,2014 Original Question Papers + 20 Model Test Papers/
Remainder of title by V. Srinivasan, et. al.
246 ## - VARYING FORM OF TITLE
Remainder of title Explanatory answers for all questions
260 ## - PUBLICATION, DISTRIBUTION, ETC. (IMPRINT)
Place of publication, distribution, etc Chennai
Name of publisher, distributor, etc Sura College of Competition
Date of publication, distribution, etc 2018
270 ## - ADDRESS
City Chennai
Postal code 600040
Address 1620, J Block, 16th Main Road, Anna Nagar
Telephone number 044-26162173, 261161099
Electronic mail address enquiry@surabooks.com
300 ## - PHYSICAL DESCRIPTION
Extent 375p.
Dimensions 28cm(pbk)
Other physical details Including tables and illustrations.
700 ## - ADDED ENTRY--PERSONAL NAME
Personal name Srinivasan, V.
700 ## - ADDED ENTRY--PERSONAL NAME
Personal name Sundram
700 ## - ADDED ENTRY--PERSONAL NAME
Personal name Chandra, Vikash
700 ## - ADDED ENTRY--PERSONAL NAME
Personal name Shrivastava, K.
942 ## - ADDED ENTRY ELEMENTS (KOHA)
Source of classification or shelving scheme Dewey Decimal Classification
Item type English Books
Classification part 000
Call number suffix NEE
Holdings
Withdrawn status Lost status Not for loan Collection code Home library Current library Date acquired Source of acquisition Cost, normal purchase price Full call number Barcode Copy number Cost, replacement price Koha item type
      Non-fiction Sarojini Nagar Sarojini Nagar 22/01/2021 DBAD/PUB 380.00 000 NEE EN-112354 1 380.00 English Books

© Delhi Public Library
Hit Counter
free hit counter